[Event "2nd IMSA Basque 2017"]
[Site "Huai'an CHN"]
[Date "2017.12.15"]
[Round "5.2"]
[White "Harikrishna, Pentala"]
[Black "Yu, Yangyi"]
[Result "1-0"]
[WhiteTitle "GM"]
[BlackTitle "GM"]
[WhiteElo "2744"]
[BlackElo "2751"]
[WhiteFideId "5007003"]
[BlackFideId "8603820"]
[EventDate "2017.12.14"]

1. e4 e5 2. Nf3 Nf6 3. d4 Nxe4 4. dxe5 d5 5. Nbd2 Nc5 6. Be2 Be7 7. O-O Ne6 8.
Re1 Nf4 9. Bf1 O-O 10. Nb3 Ng6 11. c4 dxc4 12. Qxd8 Rxd8 13. Bxc4 Nc6 14. Bd2
Bg4 15. Bc3 Bxf3 16. gxf3 a5 17. a4 Kf8 18. Bb5 Nb4 19. Re4 Nh4 20. Nxa5 Nd5 21.
Nb3 Nxf3+ 22. Kh1 c6 23. Bf1 Nxc3 24. bxc3 Rd5 25. Bg2 Nxe5 26. Re2 Rd3 27. Rxe5
Rxc3 28. Re3 Rc2 29. Kg1 g6 30. a5 Rd8 31. Be4 Rb2 32. Rae1 Bg5 33. R1e2 Rxe2
34. Rxe2 Rd1+ 35. Kg2 Bd8 36. Nc5 Bxa5 37. Nxb7 Bc7 38. Bxc6 Rc1 39. Re8+ Kg7
40. Bd5 Rd1 41. Re7 Rxd5 42. Rxc7 Rg5+ 43. Kh1 Rf5 44. Rc2 Rd5 45. Nc5 h5 46.
Ne4 Rd4 47. Ng5 Rg4 48. Nf3 Rf4 49. Kg2 Rg4+ 50. Kf1 Rf4 51. Rc3 Re4 52. h3 Rf4
53. Kg2 Rf5 54. Rc7 Kf6 55. h4 Rf4 56. Kg3 Rf5 57. Ng5 Kg7 58. f3 Kg8 59. Ne4
Kf8 60. Rc5 Rxc5 61. Nxc5 Ke7 62. Kf4 f6 63. Ne4 Ke6 64. Ng3 Ke7 65. Ke4 Kf7 66.
Nxh5 gxh5 67. Kf5 Kg7 68. Ke6 Kg6 69. f4 1-0

[Event "2nd IMSA Basque 2017"]
[Site "Huai'an CHN"]
[Date "2017.12.15"]
[Round "5.1"]
[White "Grischuk, Alexander"]
[Black "Wang, Hao"]
[Result "1-0"]
[WhiteTitle "GM"]
[BlackTitle "GM"]
[WhiteElo "2772"]
[BlackElo "2709"]
[WhiteFideId "4126025"]
[BlackFideId "8602883"]
[EventDate "2017.12.14"]

1. e4 e5 2. Nf3 Nc6 3. Nc3 Nf6 4. Bb5 Bb4 5. O-O O-O 6. d3 Bxc3 7. bxc3 d6 8.
Re1 a6 9. Bxc6 bxc6 10. Bg5 h6 11. Bh4 Bg4 12. h3 Bxf3 13. Qxf3 c5 14. Rab1 g5
15. Bg3 Ne8 16. d4 f6 17. Qd3 cxd4 18. cxd4 Ng7 19. Qc4+ Rf7 20. Rb7 exd4 21.
Qxd4 Ne6 22. Qd5 Qd7 23. Reb1 Re8 24. R1b6 Qa4 25. Rb2 Kg7 26. R7b4 Qd7 27. f3
Kh7 28. c4 Nc5 29. Rb8 Rff8 30. Rxe8 Qxe8 31. Bf2 Ne6 32. c5 dxc5 33. Bxc5 Rf7
34. Be3 Kg7 35. Qc4 Rd7 36. Bf2 Nf4 37. Bg3 Qe5 38. Rc2 Nxh3+ 39. Kh2 Nf4 40.
Qxa6 h5 41. Qc6 Re7 42. Rc5 Qd6 43. Qxd6 cxd6 44. Ra5 Kg6 45. Bxf4 gxf4 46. a4
Rc7 47. Ra6 Rc4 48. a5 Ra4 49. Ra8 Ra1 50. a6 Kg7 51. a7 Ra2 52. Kg1 Kh7 53. Kf1
Kg7 54. Ke1 Kh7 55. Kd1 Kg7 56. Kc1 Kh7 57. Kb1 Ra6 58. Kb2 Kg7 59. Kb3 Kh7 60.
Kc4 Kg7 61. Kb5 Ra2 62. Kc6 Ra1 63. Kd5 Ra6 64. Ke6 Ra5 65. Kxd6 Kh7 66. Ke7 Kg7
67. Ke6 Re5+ 68. Kd6 Ra5 69. Kc6 Ra2 70. Kd5 Ra6 71. Kd4 Ra5 72. Kc3 Ra4 73. Kd2
Ra3 74. Ke2 Ra2+ 75. Kf1 Ra1+ 76. Kf2 Ra3 77. Kg1 Ra2 78. Kh2 Ra1 79. g3 fxg3+
80. Kxg3 Rg1+ 81. Kh2 Ra1 82. f4 1-0

[Event "2nd IMSA Basque 2017"]
[Site "Huai'an CHN"]
[Date "2017.12.15"]
[Round "5.2"]
[White "Wang, Hao"]
[Black "Grischuk, Alexander"]
[Result "1/2-1/2"]
[WhiteTitle "GM"]
[BlackTitle "GM"]
[WhiteElo "2709"]
[BlackElo "2772"]
[WhiteFideId "8602883"]
[BlackFideId "4126025"]
[EventDate "2017.12.14"]

1. e4 e5 2. Nf3 Nc6 3. Bb5 a6 4. Ba4 Nf6 5. O-O Be7 6. Re1 b5 7. Bb3 d6 8. c3
O-O 9. h3 Bb7 10. d4 Re8 11. Nbd2 Bf8 12. d5 Nb8 13. Nf1 Nbd7 14. Ng3 Nc5 15.
Bc2 c6 16. b4 Ncd7 17. dxc6 Bxc6 18. Bb3 h6 19. Nh4 a5 20. a3 Nb6 21. Ng6 axb4
22. cxb4 d5 23. Nxf8 Kxf8 24. Bxh6 gxh6 25. Qc1 Re6 26. Qxh6+ Kg8 27. Qg5+ Kh8
28. exd5 Bxd5 29. Bxd5 Nbxd5 30. Rxe5 Qg8 31. Rxd5 Nxd5 32. Qxd5 Rae8 33. Qxb5
Qg7 34. Rf1 Re1 35. Kh2 Qe5 36. Qxe5+ R8xe5 37. Rxe1 Rxe1 38. Nf5 f6 39. Nd6 Rd1
40. Nb5 Kg7 41. Kg3 Rd5 42. Nc7 Rd3+ 43. Kf4 Rxa3 44. f3 Kf7 45. Ke4 Rc3 46. Nd5
Rc2 47. g4 Rh2 48. Nf4 Rb2 49. Nd5 Rh2 50. b5 Rxh3 51. b6 Rh1 52. Nc3 Ke6 53.
Kd4 Kd6 54. Ne4+ Kc6 55. Nxf6 Kxb6 56. Ke5 Kc7 57. g5 Kd8 58. g6 Rg1 59. Kf5 Ke7
60. Nh7 Rg2 61. f4 Rg1 62. Ng5 Kf8 63. Kf6 Ra1 64. f5 Kg8 65. Nh7 Ra6+ 66. Kg5
Ra5 67. Nf6+ Kg7 68. Nh5+ Kg8 69. Ng3 Kg7 70. Nh5+ Kg8 71. Nf4 Kg7 72. Ne6+ Kg8
73. Kf6 Ra6 74. Kg5 Ra5 75. Nd8 Kg7 76. Nc6 Rc5 77. Nd4 Ra5 78. Ne6+ Kg8 79. Kg4
Ra4+ 80. Nf4 Kg7 81. Kg5 Ra5 82. Nh5+ Kg8 83. Nf6+ Kg7 84. Ne8+ Kg8 85. Nc7 Kg7
86. Ne6+ Kg8 87. Kf6 Ra6 88. Kg5 Ra5 89. Nc7 Rc5 90. Ne8 Ra5 91. Kf6 Ra1 92. Nd6
Rb1 93. Nc8 Rg1 94. Ne7+ Kf8 95. Nc6 Kg8 96. Ne5 Ra1 97. Kg5 Ra5 98. Nc6 Rc5 99.
Nd8 Ra5 100. Kf6 Ra6+ 101. Ne6 Ra1 102. Nc7 Rc1 103. Nd5 Rg1 104. Ke7 Re1+ 105.
Kf6 Rg1 106. Nc7 Rc1 107. Ne6 Ra1 108. Nc7 Rc1 109. Nd5 Rg1 110. Nb6 Ra1 111.
Nc8 Rg1 112. Nd6 Ra1 113. Ke5 Re1+ 114. Kf6 Ra1 115. Nb7 Rb1 116. Nc5 Rc1 117.
Nd3 Ra1 118. Nf4 Ra2 119. Nd5 Rg2 120. Nf4 Rg1 121. Nd3 Rd1 122. Ne5 Ra1 123.
Kg5 Ra5 124. Nf3 Kg7 125. Nd4 Rd5 126. Ne6+ Kg8 127. Kf4 Rd1 128. f6 Rf1+ 129.
Ke5 Rf2 130. Nf4 Rf1 131. Kf5 Kf8 132. Kg5 Rg1+ 133. Kf5 Rf1 134. Ke5 Kg8 135.
Nd5 Rg1 136. Ke6 Kf8 137. Nf4 Re1+ 138. Kd5 Rf1 139. Ke4 Re1+ 140. Kf5 Rf1 141.
Kg4 Rg1+ 142. Kh5 Rh1+ 143. Kg5 Rg1+ 144. Kf5 Rf1 145. Ke5 Re1+ 146. Kd6 Rd1+
147. Ke6 Re1+ 148. Kf5 Rf1 149. f7 Kg7 150. Ke4 Re1+ 151. Kd5 Rf1 152. Ke5 Re1+
153. Kd6 Rf1 154. Ke5 Re1+ 1/2-1/2

[Event "2nd IMSA Basque 2017"]
[Site "Huai'an CHN"]
[Date "2017.12.15"]
[Round "5.1"]
[White "Ding, Liren"]
[Black "Korobov, Anton"]
[Result "0-1"]
[WhiteTitle "GM"]
[BlackTitle "GM"]
[WhiteElo "2777"]
[BlackElo "2652"]
[WhiteFideId "8603677"]
[BlackFideId "14105730"]
[EventDate "2017.12.14"]

1. c4 e6 2. g3 d5 3. Bg2 d4 4. Nf3 Nf6 5. O-O c5 6. e3 Nc6 7. exd4 cxd4 8. d3
Be7 9. Re1 O-O 10. Na3 Ne8 11. Nc2 f6 12. b4 Bxb4 13. Nxb4 Nxb4 14. Qb3 Nc6 15.
Ba3 Rf7 16. c5 Qa5 17. Rad1 Nc7 18. Nd2 e5 19. Nc4 Qa6 20. Nd6 Be6 21. Qxb7 Qxb7
22. Nxb7 Bd5 23. Nd6 Rff8 24. Rb1 Rab8 25. f4 Bxg2 26. Kxg2 Nd5 27. Kf3 Nc3 28.
Rxb8 Rxb8 29. Nc4 Re8 30. Bb2 Nxa2 31. fxe5 fxe5 32. Ke4 Rb8 33. Ra1 Nc3+ 34.
Bxc3 dxc3 35. Nxe5 c2 36. Rc1 Rb1 37. Rxc2 Re1+ 38. Kf4 Rxe5 39. Rc4 g5+ 40. Kf3
Kf7 41. d4 Rd5 42. Ke4 Ke6 43. Ra4 a5 44. g4 h6 45. h3 Rxd4+ 46. Rxd4 Nxd4 47.
Kxd4 a4 48. Kc4 a3 49. Kb3 Kd5 50. Kxa3 Kxc5 51. Kb3 Kd4 0-1

[Event "2nd IMSA Basque 2017"]
[Site "Huai'an CHN"]
[Date "2017.12.15"]
[Round "5.2"]
[White "Korobov, Anton"]
[Black "Ding, Liren"]
[Result "1-0"]
[WhiteTitle "GM"]
[BlackTitle "GM"]
[WhiteElo "2652"]
[BlackElo "2777"]
[WhiteFideId "14105730"]
[BlackFideId "8603677"]
[EventDate "2017.12.14"]

1. d4 Nf6 2. c4 e6 3. Nc3 Bb4 4. Nf3 O-O 5. Qc2 d5 6. a3 Bxc3+ 7. Qxc3 dxc4 8.
Qxc4 b6 9. Bg5 Ba6 10. Qc2 Nbd7 11. e4 Qc8 12. O-O-O Bxf1 13. Rhxf1 c5 14. d5 c4
15. Kb1 exd5 16. exd5 Re8 17. d6 Qc6 18. Rd4 b5 19. Rfd1 Re6 20. Bxf6 Rxf6 21.
Ng5 g6 22. f4 Re8 23. h4 h6 24. Nf3 Rfe6 25. f5 Re2 26. R1d2 Rxd2 27. Qxd2 Kg7
28. fxg6 fxg6 29. h5 gxh5 30. Nh4 Re5 31. Qc2 Rg5 32. Qe2 Re5 33. Qc2 Rg5 34.
Qc3 Kh7 35. Qe3 Qc5 36. Qe7+ Rg7 37. Qe4+ Kh8 38. Nf5 Rf7 39. Qe8+ Rf8 40. Qxd7
Rxf5 41. Re4 Rf8 42. Re8 Qf2 43. Qe7 Rxe8 44. Qxe8+ Kg7 45. d7 c3 46. Qe5+ Kf7
47. Qd5+ Kg7 48. bxc3 Qe1+ 49. Kc2 Qe2+ 50. Qd2 1-0

[Event "2nd IMSA Basque 2017"]
[Site "Huai'an CHN"]
[Date "2017.12.15"]
[Round "5.1"]
[White "Andreikin, Dmitry"]
[Black "Mamedov, Rauf"]
[Result "1/2-1/2"]
[WhiteTitle "GM"]
[BlackTitle "GM"]
[WhiteElo "2712"]
[BlackElo "2709"]
[WhiteFideId "4158814"]
[BlackFideId "13401653"]
[EventDate "2017.12.14"]

1. Nf3 c5 2. c4 g6 3. d4 cxd4 4. Nxd4 Nc6 5. e4 Nf6 6. Nc3 d6 7. Be2 Nxd4 8.
Qxd4 Bg7 9. Bg5 O-O 10. Qd2 a5 11. O-O a4 12. Rac1 Be6 13. Rfe1 Qa5 14. Bf1 Rfc8
15. b3 axb3 16. axb3 Qb4 17. Nd5 Qxd2 18. Bxd2 Bxd5 19. exd5 Kf8 20. Bc3 Ra3 21.
Rb1 Ra2 22. h3 Rca8 23. b4 Rc2 24. Bd4 Nh5 25. Be3 Be5 26. c5 Nf6 27. Red1 Kg7
28. Rb3 Raa2 29. Bd3 Nxd5 30. Bxc2 Nxe3 31. Bb1 Nxd1 32. Bxa2 Nc3 33. Bb1 dxc5
34. bxc5 Bd4 35. Bc2 Ne2+ 36. Kf1 Nf4 37. Rb4 Ne6 38. Bb3 Bxc5 39. Rxb7 Nd4 40.
Bc4 Bd6 41. Bd3 Ne6 42. Bc4 Nc5 43. Rb1 Ne4 44. Rb2 h5 45. Bd3 Nc5 46. Bc2 Ne6
47. Bd1 Nd4 48. Rd2 Ne6 49. Bb3 Nc5 50. Bc2 Nd7 51. Re2 Nf6 52. Bd3 Nd5 53. Bc2
Nf4 54. Re4 Ne6 55. Re2 Nf4 56. Re4 Ne6 57. Rxe6 fxe6 58. Be4 h4 59. f3 g5 60.
Bd3 Kf6 61. Be4 Bg3 62. Ke2 Ke5 63. Kf1 Kd4 64. Ke2 e5 65. Bg6 Bf4 66. Be4 Bg3
67. Bg6 1/2-1/2

[Event "2nd IMSA Basque 2017"]
[Site "Huai'an CHN"]
[Date "2017.12.15"]
[Round "5.2"]
[White "Mamedov, Rauf"]
[Black "Andreikin, Dmitry"]
[Result "0-1"]
[WhiteTitle "GM"]
[BlackTitle "GM"]
[WhiteElo "2709"]
[BlackElo "2712"]
[WhiteFideId "13401653"]
[BlackFideId "4158814"]
[EventDate "2017.12.14"]

1. e4 c5 2. Nf3 e6 3. d4 cxd4 4. Nxd4 Nc6 5. Nc3 a6 6. Be3 Nf6 7. Qf3 Qc7 8.
O-O-O Rb8 9. Qg3 Qxg3 10. hxg3 Ng4 11. Nxc6 bxc6 12. Ba7 Rb7 13. Be2 Rxa7 14.
Bxg4 d6 15. Na4 Rb7 16. c4 g6 17. b3 c5 18. f4 Bd7 19. Nc3 Bg7 20. Kc2 Ke7 21.
Bf3 Rc7 22. Ne2 h6 23. Rd3 Rb8 24. Rhd1 Rb6 25. g4 Be8 26. Nc3 Rc8 27. Re1 g5
28. g3 Bd4 29. Rh1 Bg7 30. Re1 Rcb8 31. e5 dxe5 32. fxe5 a5 33. Nb5 Rd8 34. Rxd8
Kxd8 35. a4 Ke7 36. Nc3 Rb8 37. Nb5 Bd7 38. Nc3 Rd8 39. Bg2 Bc8 40. Nb5 Rh8 41.
Bf3 Bd7 42. Nc3 Rd8 43. Nb5 Be8 44. Nd6 Bxe5 45. Nb7 Bxg3 46. Rg1 Bf2 47. Rf1
Bd4 48. Nxd8 Kxd8 49. Kd3 f5 50. Re1 Bd7 51. b4 e5 52. gxf5 cxb4 53. f6 g4 54.
Be4 g3 55. Rf1 Bf2 56. Rh1 Bf5 57. Rxh6 g2 58. Rh8+ Kc7 59. Bxf5 g1=Q 60. f7 Bc5
61. Rc8+ Kb7 62. f8=Q Qe3+ 63. Kc2 b3+ 64. Kb2 Bd4+ 0-1

[Event "2nd IMSA Basque 2017"]
[Site "Huai'an CHN"]
[Date "2017.12.15"]
[Round "5.1"]
[White "Ivanchuk, Vassily"]
[Black "Artemiev, Vladislav"]
[Result "0-1"]
[WhiteTitle "GM"]
[BlackTitle "GM"]
[WhiteElo "2726"]
[BlackElo "2691"]
[WhiteFideId "14100010"]
[BlackFideId "24101605"]
[EventDate "2017.12.14"]

1. e4 c5 2. Nf3 d6 3. d4 cxd4 4. Nxd4 Nf6 5. Nc3 a6 6. Bc4 e6 7. O-O b5 8. Bb3
Be7 9. Qf3 Qb6 10. Be3 Qb7 11. Qg3 Nbd7 12. f3 b4 13. Na4 O-O 14. Rfd1 Rb8 15.
Ne2 Ne5 16. a3 a5 17. axb4 axb4 18. Nb6 Qc7 19. Qf2 Nfd7 20. Ra7 Rb7 21. Nxc8
Rxc8 22. Rxb7 Qxb7 23. Bd4 Nc5 24. Qe3 h6 25. Ba2 Qa6 26. Bb1 Nc4 27. Qf2 e5 28.
b3 Na3 29. Be3 Ne6 0-1

[Event "2nd IMSA Basque 2017"]
[Site "Huai'an CHN"]
[Date "2017.12.15"]
[Round "5.2"]
[White "Artemiev, Vladislav"]
[Black "Ivanchuk, Vassily"]
[Result "1-0"]
[WhiteTitle "GM"]
[BlackTitle "GM"]
[WhiteElo "2691"]
[BlackElo "2726"]
[WhiteFideId "24101605"]
[BlackFideId "14100010"]
[EventDate "2017.12.14"]

1. e4 e6 2. g3 d5 3. Bg2 dxe4 4. Bxe4 Nf6 5. Bg2 Bd7 6. Nf3 Bc6 7. O-O g6 8. d4
Bg7 9. c4 O-O 10. Nc3 Ne4 11. Re1 Nxc3 12. bxc3 Nd7 13. d5 exd5 14. cxd5 Bb5 15.
Bg5 Bf6 16. h4 Nc5 17. Rb1 a6 18. Bxf6 Qxf6 19. Qd4 Qd6 20. Ne5 f6 21. Ng4 b6
22. Re6 Nxe6 23. dxe6 Qxd4 24. cxd4 Rae8 25. d5 Kg7 26. Rc1 Re7 27. f4 Rd8 28.
h5 gxh5 29. Ne3 Bd3 30. Rc3 Bb1 31. a4 a5 32. f5 1-0